Compendio legislativo comentado sobre depósitos y fianzas : (Caja General de Depósitos) / Eusebio Trujillo González (Caja General de Depósitos) / Eusebio Trujillo González
Descripción Física:
350 p. ; 25 cm
MARC
| LEADER | 00000nam a2200000Ia 4500 | ||
|---|---|---|---|
| 001 | 14047 | ||
| 008 | 160829s9999 xx 000 0 cat d | ||
| 080 | |a M-4-99 | ||
| 100 | |a Trujillo González, Eusebio |9 25522 | ||
| 245 | |a Compendio legislativo comentado sobre depósitos y fianzas : |b (Caja General de Depósitos) / Eusebio Trujillo González | ||
| 260 | |a Madrid : |b Ed. de Derecho Financiero, cop. 1969 | ||
| 300 | |a 350 p. ; |c 25 cm | ||
| 590 | |a Índexs | ||
| 650 | |a Espanya. Caja General de Depósitos |x Reglaments i procediment |9 25523 | ||
| 650 | |a Dipòsit (Dret civil) |x Legislació |x Espanya |9 25524 | ||
| 650 | |a Fiances |x Dret i legislació |x Espanya |9 25525 | ||
| 901 | |a Arxiu | ||
| 942 | |n 1 | ||
| 952 | |0 0 |1 0 |4 0 |6 M499 |7 1 |9 43657 |a Arxiu |b Arxiu |d 2016-12-01 |l 0 |o M-4-99 |p 14047 |r 2016-12-01 00:00:00 |w 2016-12-01 |y ARXIU | ||
| 999 | |c 46205 |d 46205 | ||